Bạch Lộc Nguyên (Cánh đồng con hươu trắng) T.2 /

Đã lưu trong:
Chi tiết về thư mục
Tác giả chính: Trần Trung Thực.
Định dạng: Sách
Ngôn ngữ:Vietnamese
Chinese
Được phát hành: Đà Nẵng : Nxb Đà Nẵng, 2000.
Những chủ đề:
Các nhãn: Thêm thẻ
Không có thẻ, Là người đầu tiên thẻ bản ghi này!
Thư viện lưu trữ: Mạng thư viện Đại học Đà Nẵng
LEADER 00857cam a2200325 i 4500
001 000046599
003 6097
005 20030818205429.0
008 010307b2000 vm 000 vie
022 |a T 
040 |a IRC  |c IRC  |d IRC 
041 1 |a vie  |h chi 
082 1 4 |a 895.105  |b TR-T 
100 1 |a Trần Trung Thực. 
245 0 0 |a Bạch Lộc Nguyên (Cánh đồng con hươu trắng)  |n T.2 /  |c Trần Trung Thực. 
260 |a Đà Nẵng :  |b Nxb Đà Nẵng,  |c 2000. 
300 |a 992tr. ;  |c 19cm. 
630 0 4 |a Văn học Trung Quốc. 
630 0 4 |a Tiểu thuyết. 
650 0 4 |a Văn học Trung Quốc. 
OWN |a DUT 
999 |a From the UDN01 
TYP |a Monograph 
TYP |a Printed language 
980 |a Mạng thư viện Đại học Đà Nẵng